|
|
|
|
| LEADER |
00000cam a2200000 7i4500 |
| 001 |
0000302334 |
| 005 |
20240403142303.0 |
| 006 |
aa# g### ### 001 0 |
| 007 |
|
| 008 |
220803t20222020xxka g #0010 eng d |
| 020 |
|
|
|a 9780300264791
|
| 040 |
|
|
|a MBPJ
|b eng
|c MBPJ
|e rda
|
| 090 |
|
|
|a 582.1309
|b BOD
|
| 100 |
1 |
|
|a BODDY, KASIA ,
|e author
|
| 245 |
1 |
0 |
|a Blooming Flowers :
|b A SEASONAL HISTORY of PLANTS and PEOPLE
|c Kasia Boddy
|
| 264 |
|
1 |
|a New Haven, London :
|b Yale University Press
|c 2022
|
| 264 |
|
4 |
|c ©2020
|
| 300 |
|
|
|a xxi, 249pages :
|b colour illustrations ;
|c 20cm.
|
| 336 |
|
|
|a still image
|2 rdacontent
|
| 336 |
|
|
|a text
|2 rdacontent
|
| 337 |
|
|
|a unmediated
|2 rdamedia
|
| 338 |
|
|
|a volume
|2 rdacarrier
|
| 500 |
|
|
|a Includes index
|
| 650 |
|
0 |
|a Flowers
|x Folklove
|
| 650 |
|
0 |
|a Flowers
|x History
|
| 999 |
|
|
|a 00403263
|b BUKU
|c PINJAMAN
|e PERPUSTAKAAN KOMUNITI PETALING JAYA
|